000 02725ncm0a2200445 4500
001 RU\NLR\ONIZ\226922
005 20250623211002.0
010 _a978-5-91402-216-4
_bштрих-код
010 _z978-509-1402-216-4
035 _aRU\NLR\ONIZ\lanatalya\5000006986\20191003155735
035 _a(NLR Aleph) 012112342
090 _a11947645
_c11947645
100 _a20191003d2017 |||y0rusy50 ca
101 0 _arus
102 _aRU
128 _acfr
145 0 _aa
200 1 _aОсмогласие вятской певческой традиции
_bНоты
_eучебное пособие и хрестоматия
_fред.-сост. Е. А. Тартышев
_gавт. вступ. слова М. И. Ващенко, авт. приветств. слова О. Н. Овчинников, авт. предисл. Л. В. Брандобовская
210 _aВятка
_cО-Краткое
_d2017
215 _a159 с.
_d30 см
300 _aISBN на обороте тит. л. отличается от ISBN на штрих-коде
313 _aСистематизация документа проведена по изданию - Методика классифицирования музыкальных произведений (нотных изданий) по таблицам Библиотечно-библиографических классификаций : метод. рекомендации / Гос. б-ка СССР им. В.И. Ленина.- М., 1977. Индексу ББК методических рекомендаций присваивается код ББК для научных библиотек - LBC/SL
606 1 _aПеснопения церковные православные
_2nlr_sh
686 _aЩ99(2Р=Р)
_vLBC/SL
_2rubbk
702 1 _9z02790
_aТартышев
_bЕ. А.
_f1949-2017
_gЕвгений Ананьевич
_4220
_4340
_7ca
702 1 _9z03790
_aВащенко
_bМ. И.
_gМихаил Иванович
_4080
_7ca
702 1 _9z04790
_aОвчинников
_bО. Н.
_f1971-
_gОлег-Николаевич
_4080
_7ca
702 1 _9z05790
_aБрандобовская
_bЛ. В.
_gЛолита Владимировна
_4080
_7ca
790 1 _9z02702
_aTartyšev
_bE. A.
_f1949-2017
_gEvgenij Anan`evič
_4220
_4340
_7ba
790 1 _9z03702
_aVaščenko
_bM. I.
_gMichail Ivanovič
_4080
_7ba
790 1 _9z04702
_aOvčinnikov
_bO. N.
_f1971-
_gOleg Nikolaevič
_4080
_7ba
790 1 _9z05702
_aBrandobovskaja
_bL. V.
_gLolita Vladimirovna
_4080
_7ba
801 0 _aRU
_bNLR
_c20191003
_gPSBO
801 1 _aRU
_bNLR
_c20191003
_2rusmarc
801 2 _aRU
_bNLR
_c20191227
852 _aNLR
_bМ
_j986/1034
_p268270
_t1
942 _cSCORE
980 _aNB
980 _aONIZ